000 00520nam a2200193Ia 4500
005 20250508152043.0
008 008 250505s9999 xx 000 0 eng d
037 _aTextual
040 _aFEDL
_beng
_cFEDL
041 _aeng
_2eng
084 _a371.335, IND
_qFEDL
100 _aSeton Marie
_952016
245 0 _aFilm as an educationla force in India
245 0 _cIndia, Education (Ministry of-)
260 _c1956
300 _a41p.
942 _cTEXL
_h371.335, IND
999 _c1333952
_d1333952